| 000 | 00924nas a2200277Ia 4500 | ||
|---|---|---|---|
| 001 | A02/R014-13674 [r000011038] | ||
| 003 | IT-MiCISF | ||
| 008 | 161014c99999999xx |||||||||||| ||und|| | ||
| 040 |
_aIT-MiCISF _cIT-MiCISF |
||
| 041 | _aFRANCESE | ||
| 100 | _aEpstein Jean | ||
| 210 | _aL'école des parents | ||
| 222 | _aL'école des parents | ||
| 240 | _aLa competition c'est la vie | ||
| 245 | 0 | _aLa competition c'est la vie | |
| 250 | _a1a ed. | ||
| 260 | _c1993 | ||
| 501 |
_bCISF - Centro Internazionale Studi Famiglia - Via Giotto, 36 20145 MILANO (non commercial uses only) _cCopyright 2016 |
||
| 300 | _app. 27-53 | ||
| 362 | _an. 9-10, settembre-ottobre [1993] | ||
| 500 | _aJubin P., Barroux C., Pierrelée M.-D., Naudin O., Corbett A. Tema: scuola, problemi-educazione, rapporti-interpersonali | ||
| 650 |
_aSCUOLA _vdossier |
||
| 700 | _aAA.VV. | ||
| 942 | _cCR | ||
| 957 | _71 | ||
| 999 |
_a13674 _bSi _g1 _c247570 _d247570 |
||